El rey de la laguna de oro. Flor de Lipa : cuentos del Neuquén /

Guardado en:
Autor Principal: Palermo Miguel ángel; adap.
Otros Autores: Pez, Alberto; il., Arce, Guillermo; il.
Formato: Libro
Publicado: Buenos Aires : Tinta Fresca, 2008.
Series:Cuentos y leyendas
Materias:
Etiquetas: Agregar Etiqueta
Sin Etiquetas, Sea el primero en etiquetar este registro!
LEADER 00998nam a22003015a 4500
001 CEM.cems019089
008 220628s2008##################000#0#####d
005 20220628162439.0
003 CEMS
245 1 0 |a El rey de la laguna de oro. Flor de Lipa : cuentos del Neuquén /  |c Selección y adaptación por Miguel ángel Palermo ; ilustrado por Alberto Pez y Guillermo Arce. 
260 |a Buenos Aires :  |b Tinta Fresca,  |c 2008. 
300 |a 64 p. 
490 0 |a Cuentos y leyendas 
020 |a 9789875762336 
100 1 |a Palermo Miguel ángel; adap. 
700 1 |a Pez, Alberto; il. 
700 1 |a Arce, Guillermo; il. 
082 0 4 |a A868.4 
653 |a Literatura 
653 |a Literatura argentina 
653 |a Literatura infantil 
653 |a Cuentos infantiles 
653 |a Colección ciencias de la educación 
653 |a Pueblos originarios 
653 |a Leyendas 
653 |a Historia argentina 
653 |a Relatos 
859 |a CEMS  |b BIB. CEMS - 11 de abril  |h A868.4  |i P174-3  |p 29199.22  |t Ej. 1